Pokoloruj flagę według największego miasta w tym regionie - Statystyki

Ogólne statystyki
  • Ten quiz został rozwiązany 15 922 razy
  • Średni wynik to 8 z 17
Odpowiedzi na mapie
Odpowiedzi zakodowano w zielono-czerwonej skali na mapie do tego quizu, zgodnie z poniższymi procentami.
 
Statystyki odpowiedzi
Colour Pop City % Poprawnych
White 10.7 m Paryż
99%
White 2.86 Rzym
93%
Red 1.32 m Kopenhaga
85%
White 1.11 m Amsterdam
83%
Green 1.38 m Mediolan
71%
Orange 16.3 m Delhi
61%
Red 1.66 m Lyon
60%
White 18.2 m Mumbaj
42%
Red 11.1 m Dhaka
39%
Blue 925 k Bordeaux
38%
Red 320 k Bari
27%
Blue 299 k Eindhoven
22%
White 277 k Aarhus
17%
Red 213 k Groningen
15%
Green 8.63 m Ćennaj
8%
Green 3.67 m Ćottogram
8%
Blue 2.50 m Nagpur
6%
Nie znaleziono quizów pasujących do podanych kryteriów
Rozkład punktacji
Procent ludzi z każdym wynikiem
Percentyl według liczby udzielonych odpowiedzi
Twoja historia wyników
Nie rozwiązałeś tego quizu